The cardinal of the kremlin
| Main Author: | |
|---|---|
| Format: | Book |
| Published: |
London :
HarperCollins Publishers ,
1994
|
| Subjects: |
MARC
| LEADER | 00000cam a2200000 7i4500 | ||
|---|---|---|---|
| 001 | 0000008021 | ||
| 005 | 20071219.0 | ||
| 008 | 070910 | ||
| 020 | |a 000617454X | ||
| 090 | 0 | 0 | |a CLA |b ENG |
| 100 | 1 | |a Clancy, Tom | |
| 245 | 1 | 4 | |a The cardinal of the kremlin |c Tom Clancy |
| 260 | |a London : |b HarperCollins Publishers , |c 1994 | ||
| 650 | 0 | |a English language |x War |x Juvenile literature | |
| 650 | 0 | |a Novel | |
| 999 | |a 0000992185 |b Book |c Adult Collection |e Perbadanan Perpustakaan Awam Johor | ||
| 999 | |a 0000992186 |b Book |c Adult Collection |e Perbadanan Perpustakaan Awam Johor | ||